000 00431pab a2200145 454500
008 180718b2003 xxu||||| |||| 00| 0 eng d
100 _aLangston, Joy
245 _aRising from the ashes? Reorganizing and unifying the PRI's state party organizations after electoral defeat
260 _c2003
300 _ap.293-318.
362 _aApr
650 _aPolitical parties
773 _aComparative Political Studies
909 _a56634
999 _c56634
_d56634